00501nam a22001697a 450000500170000001000150001702000110003203500130004303700130005608200110006910000190008024500700009926000400016927000820020930000230029170000170031420140314130228.0 aENG-109467 c220.00 aEN-93000 bDBAD/PUB a574.19 aRagland, Annie00aBiochemistry and biophysics /cby Annie Ragland [and] N. Arumugam aKanyakumaribSaras Publicatonc2013 a114/35G, A.R.P. Camp Road, Periavilai, Kottar, NagercoilbKanyakumarie629002 axi,292pc22cm(pbk) aArumugam, N.